| 000 | 00671nam a2200205Ia 4500 | ||
|---|---|---|---|
| 003 | IN-BaIIA | ||
| 008 | 211028s9999 xx 000 0 eng d | ||
| 020 | _a0-442-01865-7 | ||
| 040 | _cIIA Library | ||
| 080 |
_a031:5 _bVAN |
||
| 100 |
_aConsidine, D.M. _920883 |
||
| 245 | 0 |
_aVan Nostrand's scientific encyclopedia, A-I _bvol. 1. _cD.M. Considine and G. D. Considine |
|
| 260 |
_aNew York _bVan Nostrand Reinhold _c1995 |
||
| 300 | _axvi, 1-1792 | ||
| 650 |
_aEncyclopedia _91112 |
||
| 650 |
_aEngineering Encyclopedia _920884 |
||
| 650 |
_aScience Encyclopedia _99441 |
||
| 700 |
_aConsidine, G. D. _920885 |
||
| 942 | _cBK | ||
| 999 |
_c12011 _d12011 |
||